Normal view MARC view

Entry Personal Name

Number of records used in: 8

001 - CONTROL NUMBER

  • control field: 9618

003 - CONTROL NUMBER IDENTIFIER

  • control field: OSt

005 - DATE AND TIME OF LATEST TRANSACTION

  • control field: 20220918110812.0

008 - FIXED-LENGTH DATA ELEMENTS

  • fixed length control field: 220918|| aca||aabn | a|a d

040 ## - CATALOGING SOURCE

  • Original cataloging agency: OSt
  • Transcribing agency: OSt

100 ## - HEADING--PERSONAL NAME

  • Personal name: पालीवाल, नारायणदत्त

670 ## - SOURCE DATA FOUND

  • Source citation: Work cat.: (OSt)114877: पालीवाल, नारायणदत्त, दिल्ली हिन्दी साहित्यकार निर्देशिका 1981, 1988
Copyright @ Delhi University Library System